| 000 | 01072nam0a22002771 4500 | ||
|---|---|---|---|
| 001 | rc\106788 | ||
| 005 | 20050414151705.5 | ||
| 035 | _a(NLR Aleph) 008754172 | ||
| 090 |
_a7825811 _c7825811 |
||
| 100 | _a20021216d1991 u |0rusy50 ca | ||
| 101 | 0 | _arus | |
| 102 | _aRU | ||
| 105 | _ay ||||||||| | ||
| 200 | 1 |
_aПрименение преобразования Радона в теории аппроксимации _fУрал. отд-ние АН СССР. Башк. нар. центр, Ин-т математики с ВЦ |
|
| 210 |
_aУфа _cБНЦ УрО СССР _d1991 |
||
| 215 |
_a191 с. _d20 |
||
| 320 | _aБиблиогр.: с. 184-191 | ||
| 606 | 1 |
_aПреобразование (мат.) Радона _2nlr_sh1 |
|
| 606 | 1 |
_aФункции комплексного переменного _xПриближения _2nlr_sh1 |
|
| 700 | 1 |
_aСекерин _bА. Б. _gАлексей Борисович |
|
| 801 | 0 |
_aRU _bNLR _gpsbo |
|
| 801 | 1 |
_aRU _bELAR _2rusmarc |
|
| 801 | 2 |
_aRU _bNLR _c20050414 _2rusmarc |
|
| 852 |
_aNLR _j93-3/4323 |
||
| 942 | _cBOOK | ||
| 980 | _aNB | ||